Informácia o pripravovanom návrhu rekodifikovaného zákona o evidencii tržieb

Ministerstvo financií v spolupráci s finančnou správou a na základe výsledkov pracovných stretnutí s asociáciami zamestnávateľských zväzov a združení, ako aj s ďalšími asociáciami a so zástupcami komory za mimovládne neziskové organizácie Rady vlády SR pre osoby so zdravotným postihnutím a Zväzov Re...

Descripción completa

Guardado en:
Detalles Bibliográficos
Autor principal: Jurčíková, Božena
Formato: Capítulo de libro
Lenguaje:eslovaco
Materias:
Etiquetas: Agregar Etiqueta
Sin Etiquetas, Sea el primero en etiquetar este registro!

MARC

LEADER 00000naa a2200000 4500
001 0315392
005 20260311113840.7
041 0 |a slo 
044 |a SK 
245 1 0 |a Informácia o pripravovanom návrhu rekodifikovaného zákona o evidencii tržieb  |c Božena Jurčíková 
520 |a Ministerstvo financií v spolupráci s finančnou správou a na základe výsledkov pracovných stretnutí s asociáciami zamestnávateľských zväzov a združení, ako aj s ďalšími asociáciami a so zástupcami komory za mimovládne neziskové organizácie Rady vlády SR pre osoby so zdravotným postihnutím a Zväzov Republikovej únie zamestnávateľov SR zamestnaneckých podnikateľov, vypracovalo návrh nového zákona o evidencii tržieb. Návrh rekodifikovaného zákona o evidencii tržieb vychádza predovšetkým z Akčného plánu boja proti daňovým únikom s cieľom dosahovať medzinárodne porovnateľné výsledky v boji proti daňovým únikom pri evidencii tržieb za predaj tovaru alebo služieb práve zavedením on-line registračných pokladníc vo vzťahu k novým trendom v evidencii tržieb. 
610 2 0 |a tržby 
610 2 0 |a evidencia 
610 2 0 |a pokladnice registračné elektronické 
610 2 0 |a únik daňový 
610 2 0 |a efektívnosť 
610 2 0 |a správa daňová 
610 2 0 |a správa finančná 
610 2 0 |a zákony 
100 1 |a Jurčíková, Božena